000 02635cam a2200325 4500500
005 20260111142258.0
041 _afre
042 _adc
100 1 0 _aTegos, Spyridon
_eauthor
700 1 0 _aNoûs, Camille
_eauthor
245 0 0 _aDémo-cratie et mérito-cratie en perspective
260 _c2021.
500 _a37
520 _aDans le sillage du libéralisme écossais, exemplifié par Adam Smith, le libéralisme français postrévolutionnaire porte un vif intérêt à la classe moyenne. L’abolition de privilèges issue de la Révolution française transforme l’héritage écossais sans pour autant effacer les apories autour de la méritocratie et la mentalité de la classe moyenne, tantôt louée en tant que méritoire tantôt méprisée en tant que servile mimique de la courtoisie aristocratique. La (ré)introduction d’Adam Smith en France, de Sophie de Grouchy à Tocqueville, s’opère sur fond de transition d’un contexte de politesse aristocratique vers une civilité associée à la classe moyenne sur fond de républicanisme modéré. Les manières en régime démocratique traduisent les antagonismes entre la classe moyenne et le « peuple » sur un autre registre.
520 _aIn the wake of Scottish liberalism, exemplified by Adam Smith, French postrevolutionary liberalism took a keen interest in the middle classes. The abolition of privileges following on from the French Revolution transformed the Scottish legacy without cancelling out altogether the conundrums about meritocracy and the middle classes, alternately praised for being meritocratious and vilified for being a servile mimicry of the aristocratic courtship. The (re)introduction of Adam Smith in France, from Sophie de Grouchy to Tocqueville, took place against a backdrop of transitional shifts from aristocratic politeness towards a civility associated with the middle classes on the basis of a moderate republicanism. In a democratic regime, manners betray, at another level, the antagonisms between the middle classes and the labouring classes.
690 _aaristocratie
690 _acivilité républicaine
690 _aclasse moyenne
690 _amanières démocratiques
690 _améritocratie
690 _apolitesse
690 _aaristocracy
690 _ademocratic manners
690 _ameritocracy
690 _amiddle class
690 _apoliteness
690 _arepublican civility
786 0 _nDix-huitième siècle | 53 | 1 | 2021-06-28 | p. 293-308 | 0070-6760
856 4 1 _uhttps://shs.cairn.info/revue-dix-huitieme-siecle-2021-1-page-293?lang=fr&redirect-ssocas=7080
999 _c1635871
_d1635871